|
|
|
|
| LEADER |
00701cam a2200229 7i4500 |
| 001 |
0000033903 |
| 005 |
20161219090000.0 |
| 007 |
##ta |
| 008 |
161215s2016 bg r eng |
| 040 |
# |
# |
|a MATR
|
| 090 |
0 |
0 |
|a BANG 338.00295492
|b BANG
|
| 245 |
0 |
0 |
|a BANGLADESH YELLOW PAGES 2016.
|
| 250 |
0 |
0 |
|a 25th Edition.
|
| 264 |
# |
1 |
|a Dhaka:
|b Yellow Pages (Pvt.) Ltd.,
|c 2016.
|
| 300 |
# |
# |
|a Various pagings:
|b illustrations;
|c 28 cm.
|
| 336 |
# |
# |
|a text
|2 rdacontent
|
| 337 |
# |
# |
|a unmediated
|2 rdamedia
|
| 338 |
# |
# |
|a volume
|2 rdacarrier
|
| 651 |
# |
0 |
|a Bangladesh
|
| 651 |
# |
0 |
|a Bangladesh --
|x Commerce
|
| 710 |
2 |
# |
|a Yellow Pages (Pvt.) Ltd.
|
| 999 |
|
|
|a 0000038364
|b Directories
|c Countries
|e Business Information Centre
|